Resources and the environment: policy perspectives for Canada (Record no. 501689)

000 -LEADER
fixed length control field 00499cam a22001457a 4500
008 - FIXED-LENGTH DATA ELEMENTS--GENERAL INFORMATION
fixed length control field 180718b1980 xxu||||| |||| 00| 0 eng d
082 ## - DEWEY DECIMAL CLASSIFICATION NUMBER
Classification number O91x71 D969
245 ## - TITLE STATEMENT
Title Resources and the environment: policy perspectives for Canada
Statement of responsibility, etc. edited by O.P. Dwivedi
260 ## - PUBLICATION, DISTRIBUTION, ETC.
Place of publication, distribution, etc. Toronto
Name of publisher, distributor, etc. McClelland and Stewart
Date of publication, distribution, etc. 1980
300 ## - PHYSICAL DESCRIPTION
Extent 346p.
650 ## - SUBJECT ADDED ENTRY--TOPICAL TERM
Topical term or geographic name entry element Environmental protection --Canada --Case studies
650 ## - SUBJECT ADDED ENTRY--TOPICAL TERM
Topical term or geographic name entry element Natural resources --Canada
650 ## - SUBJECT ADDED ENTRY--TOPICAL TERM
Topical term or geographic name entry element Environmental policy --Canada
700 ## - ADDED ENTRY--PERSONAL NAME
Personal name Dwivedi, O.P.
Holdings
Withdrawn status Lost status Damaged status Not for loan Permanent Location Current Location Date acquired Full call number Barcode Date last seen Price effective from Koha item type
        Indian Institute of Public Administration Indian Institute of Public Administration 2018-08-04 O91x71 D969 GR11695 2018-08-04 2018-08-04 GR

Powered by Koha